| 000 | 00586nam a2200217Ia 4500 | ||
|---|---|---|---|
| 008 | 180523s9999 xx 000 0 und d | ||
| 020 | _a1-59139-273-X | ||
| 050 | _aMAIN HF 5387 | ||
| 050 | _b.H37 2003 | ||
| 245 | 0 | _aHarvard business review on corporate ethics / | |
| 260 | _aBoston : | ||
| 260 | _bHarvard Business School Press, | ||
| 260 | _c2003 | ||
| 300 | _a194 pages : | ||
| 300 | _billustrations ; | ||
| 300 | _c21 cm. | ||
| 440 | _aHarvard business review paperback series | ||
| 500 | _aIncludes index. | ||
| 650 | _aBusiness ethics. | ||
| 650 | _xSocial ethics. | ||
| 999 |
_c357022 _d357022 |
||